000 00322nam a2200133Ia 4500
008 191201s2006 xx 000 0 und d
100 _aDeswal, S
245 0 _aBasic of Biotechnology
250 _a2nd
260 _c2006
_bDhanpat Rai Pubns (P) Ltd
_aN.Delhi
300 _a13.41
650 _aAPPLIED
942 _2ddc
_cBB
_020
999 _c7181
_d7181